| 000 | 00884nam a2200289 i 4500 | ||
|---|---|---|---|
| 003 | EG-GICUC | ||
| 005 | 20260418094844.0 | ||
| 008 | 260418s1876 fr fr|||| 000 0 fre d | ||
| 040 |
_aEG-GiCUC _bfre _cEG-GiCUC _dEG-GiCUC _eRda |
||
| 041 | 0 | _afre | |
| 082 | 0 | 4 |
_221 _a343 _bMA . F |
| 092 | 0 | 4 | _221 |
| 099 | _aLAW1 10 343 2 ed - MA . F 1876 | ||
| 100 | 1 |
_aMAUDSLEY.H _eAuteur |
|
| 245 |
_aLe Crime Et La Folie/ _cPar H. Maudsley. |
||
| 250 | _aDeuxième Édition. | ||
| 264 |
_aPARIS : _bLIBRAIRIE GERMER BAILLIÈRE, _c1876. |
||
| 300 |
_a297 page ; 32 _c 24 cm. |
||
| 336 |
_2rda contenu _a texte |
||
| 337 |
_2rda medias _aOrdinateur |
||
| 338 |
_2 transporteur rda _a Ressource en ligne |
||
| 650 | 1 |
_aPsychopathologie forensique. _2qrmak |
|
| 651 | 1 | _2qrmak | |
| 856 | 4 | 0 | _uhttps://fll.law.cu.edu.eg/fulltext/bks/B10-00435.pdf |
| 905 | _a171 | ||
| 942 |
_2ddc _cBK _e21 _n0 |
||
| 999 |
_c71606 _d71606 |
||